000 00632 a2200181 4500
999 _c10429
_d10429
020 _a9780323444293
050 _aRB113 BAN 2019
100 _aBanasik, Jacquelyn L.
_eauthor
245 _a Study guide for:
_bPathophysiology /
_cJacquelyn L Banasik
250 _a6th edition
264 _aSt. Louis, Missouri :
_bElsevier,
_c ♭2019
300 _axiii, 247 pages
_billustrations ; 28 cm
500 _alncludes index
650 _aPhysiology
_x Pathological -- Problems, exercises, etc.
650 _aPathology
_xProblems, exercises, etc.
650 _aPhysiology
_x Problems, exercises, etc.
942 _2lcc
_cBK
_h113
_iBAN
_kRB